Statistics for Countries whose names have the same number of letters as their capital

Click here to take the quiz!

General Stats

  • This quiz has been taken 22 times
    (6 since last reset)
  • The average score is 7 of 34

Answer Stats

Country% Correct
San Marino
67%
Luxembourg
50%
Monaco
50%
Canada
33%
Fiji
33%
Greece
33%
Japan
33%
Paraguay
33%
Peru
33%
Russia
33%
Taiwan
33%
Togo
33%
Yemen
33%
Algeria
17%
Angola
17%
Armenia
17%
Egypt
17%
Estonia
17%
Georgia
17%
Ghana
17%
Nauru
17%
New Zealand
17%
Poland
17%
Singapore
17%
United States
17%
Zambia
17%
Botswana
0%
Burkina Faso
0%
Djibouti
0%
Gambia
0%
Mauritania
0%
Mauritius
0%
Rwanda
0%
Turkey
0%

Score Distribution

Percentile by Number Answered

Percent of People with Each Score

Your Score History

You have not taken this quiz since the last reset